000 00300nam a22001337a 4500
008 171013b xxu||||| |||| 00| 0 eng d
020 _a2900618988562
041 _aeng
080 _23RD
_a316
100 _a51
101 _aSOC
245 _aTHE NEW HUMANITIES READER
_cMILLER,R.E
942 _2udc
_cBK
999 _c33714
_d33714